000 00926cab a2200277 4500
001 ABS48246
008 090401t1993 xxu||||| |||| 00| 0 eng d
035 _a(Sirsi) u65672
041 _aeng
100 _aLangleben, A.
245 4 _aThe 1954 Act : the change in tactics
260 _c1993
350 _a0
490 _aEstates Gazette
_v(9311) 20 March 1993, 120-122(3)
520 _aDescribes how Landlord and Tenant Act 1954 is currently being used in ways unlikely to have been envisaged by its draftsmen, covering termination and renewal of tenancies and interim rents.
650 _aBUSINESS TENANCIES
650 _aINTERIM RENTS
650 _aLANDLORD AND TENANT ACT 1954
650 _aLAW OF PROPERTY ACT 1969
650 _aTENANCY RENEWAL
650 _aTERMINATION OF TENANCIES
690 _aLANDLORD AND TENANT-BUSINESS TENANCIES
700 _aNewnham, C.
942 _n0
948 _c04/03/1997
999 _c40978
_d40978